000 01503cam a2200445 4500
999 _c23246
_d23246
001 vtls011909353
005 20220428130520.0
008 210906s2019 xo gr 000 f slo
020 _a9788055170619
_q(viazané)
035 _aurn:nbn:sk:snk-am00fia1
035 _aurn:nbn:sk:snk-am3iult
035 _a2CBC1E68-6A4C-40A7-B87A-86F4938BB9AD
040 _aSVKBB
_bslo
_cSVKBB
_dSNK
_erda
041 1 _aslo
_heng
044 _axo
_cSK
072 7 _a821.111-3
_xAnglická próza, anglicky písaná
_2konspekt
080 _a821.111-31
_22011
080 _a82‑311.6
_22011
080 _a(0:82-312.4)
_22011
100 1 _aForsyth, Frederick,
_d1938-
_4aut
_91789
240 1 4 _aThe day of the jackal
_lSlovensky
245 1 0 _aŠakal
_cFrederick Forsyth ; preložil Karol Dlouhý
250 _aDruhé vydanie
264 1 _aBratislava
_bIkar
_c2019
300 _a388 strán
_c21 cm
336 _atext
_btxt
_2rdacontent
337 _abez média
_bn
_2rdamedia
338 _azväzok
_bnc
_2rdacarrier
500 _aPreložené z angličtiny
500 _aObsahuje biografické údaje o autorovi na záložke prebalu publikácie
655 7 _aanglické romány
_2SNKPH
_98
655 7 _aEnglish fiction
_2SNKPHeng
_99
655 7 _apolitické romány
_2SNKPH
_91725
655 7 _aPolitical novels
_2SNKPHeng
_91726
655 7 _atrilery (romány)
_2SNKPH
_92135
655 7 _aThrillers (novels)
_2SNKPHeng
_91722
700 1 _aDlouhý, Karol,
_d1922-1987
_4trl
_93065
958 _aLX
958 _aUP